Pokémon Sauvages - Unys NB [2/2] - Statistiques

Statistiques générales
  • Ce quiz a été pris 22 fois
  • Le résultat moyen est 144 sur 305
Statistiques - réponses
Lieux Pokémon % Correct
B | N Bargantua Motif Bleu
67%
(sur l'eau)N | B | N Bargantua Motif Rouge
67%
B Furaiglon
67%
N Vostourno
67%
Altaria
56%
Apireine
56%
Apitrini
56%
Azurill
56%
Babimanta
56%
B Chlorobule
56%
Cochignon
56%
Démanta
56%
N Doudouvet
56%
Élekid
56%
Galopa
56%
B Gueriaigle
56%
Pont de l'Inconnu(ombres) Lakmécygne
56%
Mammochon
56%
Mangriff
56%
Nanméouïe
56%
(pêche tourbillons) | (pêche) Poissirène
56%
Poissoroy
56%
Forêt Blanche Roucool
56%
Route 13 Saquedeneu
56%
Scalpion
56%
Séléroc
56%
Séviper
56%
Shaofouine
56%
Solaroc
56%
Stari
56%
Staross
56%
N Vaututrice
56%
Abra
44%
Absol
44%
(herbes sombres) | Route 11 Akwakwak
44%
Arakdo
44%
(troupeaux)N Balignon
44%
Bekipan
44%
Bouldeneu
44%
(pêche tourbillons) | (pêche) Carvanha
44%
Cerfrousse
44%
Chenipotte
44%
Chétiflor
44%
B Chrysacier
44%
Chuchmur
44%
N Coconfort
44%
N Dardargnan
44%
avoir Boréas et Fulguris Démétéros
44%
Draby
44%
Étourmi
44%
Fantominus
44%
N Farfaduvet
44%
Farfuret
44%
Feunard
44%
Flagadoss
44%
B Fragilady
44%
Galekid
44%
(sur l'eau) | Baie Vaguelone(sur l'eau) | Vaguelone(sur l'eau) Goélise
44%
Goupix
44%
Grainipiot
44%
Héliatronc
44%
Insolourdo
44%
B | N Judokrak
44%
hiver Kaimorse
44%
Kangourex
44%
B | N Karaclée
44%
grotte nord Kyurem
44%
Lamantine
44%
Lixy
44%
Lovdisc
44%
Machoc
44%
Magby
44%
(herbes mouvantes) Mélodelfe
44%
forêt du cratère Mélofée
44%
Métalosse
44%
Métamorph
44%
Métang
44%
(poussières) Minotaupe
44%
(sur l'eau) | (tourbillons) Mustébouée
44%
Mustéflott
44%
Mystherbe
44%
Neitram
44%
Nénupiot
44%
Nidoran♀
44%
Nidoran♂
44%
Noarfang
44%
Nosferalto
44%
Nostenfer
44%
hiver Obalie
44%
Octillery
44%
Ossatueur
44%
(sur l'eau) | (tourbillons) Otaria
44%
B Papilusion
44%
Parecool
44%
hiver Phogleur
44%
(troupeaux) Polichombr
44%
Porygon
44%
(pêche) Ptitard
44%
(sur l'eau) | (tourbillons) Ramoloss
44%
(herbes sombres) | Route 15 Rapasdepic
44%
(pêche) Rémoraid
44%
Rhinocorne
44%
Roigada
44%
Scalproie
44%
Scarabrute
44%
Scarhino
44%
Scorplane
44%
(herbes mouvantes) Scorvol
44%
Sharpedo
44%
Tarsal
44%
Tartard
44%
Têtarte
44%
Togepi
44%
Route 12 Tournegrin
44%
(tourbillons) Wailmer
44%
Wailord
44%
Wattouat
44%
Pokémon mouvant/ N Boréas
33%
Cadoizo
33%
Carabing
33%
(herbes sombres) | Pont du Hameau Castorno
33%
Ceriflor
33%
Colombeau
33%
Corayon
33%
N Corboss
33%
N Cornèbre
33%
Crustabri
33%
Déflaisan
33%
Écrapince
33%
Emolga
33%
Autel Abondance Éoko
33%
(troupeaux) Férosinge
33%
B Feuforêve
33%
B Fulguris
33%
Gaulet
33%
Géolithe
33%
Granivol
33%
Grodoudou
33%
Grodrive
33%
Hélédelle
33%
Kokiyas
33%
Krabboss
33%
(pêche) Krabby
33%
Kungfouine
33%
Lippoutou
33%
(tourbillons) Lokhlass
33%
B Magirêve
33%
Magnéti
33%
Miradar
33%
B Paras
33%
Ptiravi
33%
(herbes sombres) | Route 14 Rondoudou
33%
Rozbouton
33%
Tropius
33%
Tyranocif
33%
(troupeaux) Yanma
33%
Ymphect
33%
Archéodong
22%
(sur l'eau) Axoloto
22%
Caratroc
22%
(troupeaux) Doduo
22%
Kraknoix
22%
Aucun quiz correspondant
Distribution des résultats
% des personnes avec chaque résultat
Percentile par nombre de réponses
Votre historique - résultats
Vous n’avez pas pris ce quiz